Central Library OPAC University of Rajshahi

International business : (Record no. 12)

MARC details
000 -LEADER
fixed length control field 01006cam a2200301 a 4500
001 - CONTROL NUMBER
control field 12
003 - CONTROL NUMBER IDENTIFIER
rucl marc code BD-RjUL
005 - DATE AND TIME OF LATEST TRANSACTION
control field 20211208233106.0
008 - FIXED-LENGTH DATA ELEMENTS--GENERAL INFORMATION
fixed length control field 140624r20122009mauab b 001 0 eng
020 ## - INTERNATIONAL STANDARD BOOK NUMBER
International Standard Book Number 9780073530161 (alk. paper)
International Standard Book Number 0073530166 (alk. paper)
International Standard Book Number 0073346888
International Standard Book Number 9780073346885
International Standard Book Number 0070671060
035 ## - SYSTEM CONTROL NUMBER
System control number (BD-RjUL)14
040 ## - CATALOGING SOURCE
Original cataloging agency DLC
Transcribing agency DLC
Modifying agency BD-RjUL
Language of cataloging eng
041 ## - LANGUAGE CODE
Language code of text/sound track or separate title eng
082 00 - DEWEY DECIMAL CLASSIFICATION NUMBER
Classification number 658.049
Edition number 22
Author mark and year INT 2012
245 00 - TITLE STATEMENT
Title International business :
Remainder of title the challenge of global competition /
Statement of responsibility, etc. Donald A. Ball ... [et al.].
260 ## - PUBLICATION, DISTRIBUTION, ETC. (IMPRINT)
Place of publication, distribution, etc. Boston :
Name of publisher, distributor, etc. McGraw-Hill Irwin,
Date of publication, distribution, etc. c2009 [Reprinted 2012].
300 ## - PHYSICAL DESCRIPTION
Pagination various pagings :
Illustrations ill. ;
Size 29 cm.
504 ## - BIBLIOGRAPHY, ETC. NOTE
Bibliography, etc Includes bibliographical references and indexes.
650 #0 - SUBJECT ADDED ENTRY--TOPICAL TERM
Topical term or geographic name as entry element International business enterprises
General subdivision Management.
9 (RLIN) 111172
Topical term or geographic name as entry element International business enterprises.
9 (RLIN) 111173
Topical term or geographic name as entry element International economic relations.
9 (RLIN) 111174
700 1# - ADDED ENTRY--PERSONAL NAME
Personal name Ball, Donald A.
942 ## - ADDED ENTRY ELEMENTS (KOHA)
Source of classification or shelving scheme Dewey Decimal Classification
Koha item type Books
Holdings
Lost status Source of classification or shelving scheme Damaged status Not for loan Collection code Permanent Location Current Location Shelving location Date acquired Source of acquisition Cost, normal purchase price Total Checkouts Full call number Date last seen Date checked out Copy number Koha item type
  Dewey Decimal Classification     Non-fiction Central Library, University of Rajshahi Central Library, University of Rajshahi   19/02/2013 Dhaka,Trim Education 990.00 1 658.049 INT 2012 14/03/2019 12/03/2019 C-1 Books